Identifiez la Langue sur la Carte du Monde #2 - Statistiques

Statistiques générales
  • Ce quiz a été pris 15 168 fois
  • Le résultat moyen est 4 sur 18
Réponses sur la Carte
Les réponses sont colorées sur une échelle allant du rouge au vert en fonction du pourcentage des utilisateurs qui les ont devinées à leur premier essai. Vous pouvez retrouver ces pourcentages ci-dessous.
 
Statistiques - réponses
Réponse % Correct
La semaine prochaine, je vais jouer de l'accordéon au concert à Vienne.
90%
Na próxima semana tocarei acordeão no concerto em Viena.
65%
Nästa vecka ska jag spela dragspel på konserten i Wien.
30%
Tuần tới tôi sẽ chơi đàn accordion tại buổi hòa nhạc ở Vienna.
30%
Příští týden budu hrát na akordeon na koncertě ve Vídni.
23%
Săptămâna viitoare voi cânta la acordeon la concertul de la Viena.
22%
Tin epómeni evdomáda tha paíxo akornteón sti synavlía sti Viénni.
21%
Volgende week speel ek trekklavier by die konsert in Wene.
21%
Amin'ny herinandro manaraka dia hilalao ni akorandriaka aho amin'ny kafampisehoana any Vienne.
19%
Hei te wiki e tu mai ne ka purei ahau i te accordion i te konohete i Vienna.
19%
Jövő héten a bécsi koncerten harmonikán fogok játszani.
19%
Yr wythnos nesaf byddaf yn chwarae'r acordion yn y cyngerdd yn Fienna.
19%
Arkō haptā ma bhiyanāmā kansarṭamā ēkarḍiyan bajā'unēchu.
16%
Toddobaadka soo socda waxaan ku ciyaari doonaa accordion riwaayadda bandhiga Vienna.
12%
Irekh doloo khonogt bi Vyena khotod bolokh kontsyertondoo bayan khuur toglono.
11%
Sa susunod na linggo ay tutugtog ako ng akurdyon sa konsiyerto sa Vienna.
11%
Il-ġimgħa d-dieħla se ndoqq l-accordion fil-kunċert fi Vjenna.
10%
Vaccē vāraṁ nēnu viyannālō jarigē kacērīlō akārḍiyan vāyistānu..
10%
Aucun quiz correspondant
Distribution des résultats
% des personnes avec chaque résultat
Percentile par nombre de réponses
Votre historique - résultats
Vous n’avez pas pris ce quiz